Bateau ivre - Columbine (paroles) - Statistiques

Statistiques générales
  • Ce quiz a été pris 51 fois
  • Le résultat moyen est 304 sur 449
Statistiques - réponses
Paroles % Correct
dans
100%
le
100%
à
97%
beauté
91%
je
91%
je-
91%
la
91%
et
88%
ils
88%
ivre
88%
me
88%
navire,
88%
se
88%
sens
88%
bateau
84%
l'abordage
84%
que
84%
sur
84%
au
81%
de
81%
du
81%
les
81%
mes
81%
noie
81%
vivre
81%
arrivent
78%
des
78%
fond
78%
ma
78%
ne
78%
ne-
78%
"Ne
78%
par
78%
ce
75%
en
75%
fini
75%
mais
75%
mi-
75%
pas
75%
pas"
75%
plus
75%
pour
75%
sans
75%
tu
75%
amis
72%
désir?
72%
est-
72%
est
72%
finiront
72%
plaisir
72%
pleures
72%
ressens
72%
voir
72%
noir
69%
si
69%
toujours
69%
sais-
66%
qui
63%
toi
63%
abysses
59%
c'est
59%
chanter
59%
j'apprécie
59%
nan,
59%
nan
59%
quitte
59%
trésor
59%
triste
59%
joues
56%
un
56%
comme
53%
moi
53%
mon
53%
temps
53%
vais
53%
j'me
50%
laisse-
50%
l'inconnu
50%
aime
47%
balles
47%
blanc
47%
dolce
47%
elle
47%
j'm'en
47%
naïveté
47%
quand
47%
rap
47%
sortirai
47%
tout
47%
vita
47%
après
44%
bonus
44%
chantes
44%
gangsters
44%
j'suis
44%
tant
44%
crie
41%
d'avant
41%
d'un
41%
l'amour
41%
m'en
41%
mort
41%
ont
41%
passé
41%
tes
41%
ans
38%
banc
38%
couler
38%
débiles
38%
destin
38%
dix
38%
écolo
38%
font
38%
j'aurais
38%
lois
38%
maison
38%
missile
38%
perdre
38%
score
38%
tragédie
38%
trop
38%
une
38%
vidéos
38%
vivant
38%
vous
38%
bouche
34%
comment
34%
exil
34%
j'descends
34%
maintenant
34%
minuit,
34%
oreilles
34%
protester
34%
rue
34%
seul
34%
simplement?
34%
suspend
34%
y'a
34%
encerclé
31%
enfer
31%
j'm'entrainais
31%
j'remonte
31%
j'veux
31%
pesticides
31%
place
31%
potager,
31%
qu'on
31%
apparemment
28%
autant
28%
cœur
28%
coin,
28%
donné
28%
enterre
28%
gelé
28%
j'attends
28%
loup
28%
m'aimes
28%
m'as
28%
paix
28%
privée
28%
puis
28%
réchauffera
28%
rendez
28%
soirée
28%
ailes
25%
crament
25%
enlaidissent
25%
miroir
25%
monde
25%
parapente
25%
pourrir
25%
souffle
25%
vent
25%
drame
22%
martyrs
22%
violons
22%
ciel,
19%
repaire
19%
stone
19%
trémolos
19%
descendre
16%
fane
16%
marge
13%
trouvez
13%
Aucun quiz correspondant
Distribution des résultats
% des personnes avec chaque résultat
Percentile par nombre de réponses
Votre historique - résultats
Vous n’avez pas pris ce quiz